[Event "Ocana op 1st"]
[Site "Ocana"]
[Date "2015.09.26"]
[Round "5"]
[White "Cardenas Angarita, Juan Pablo"]
[Black "Duran, Diego Alexander"]
[Result "1-0"]
[WhiteElo "1639"]
[BlackElo "1300"]
[PlyCount "22"]
[EventDate "2015.09.25"]
[EventType "swiss"]
[EventRounds "7"]
[EventCountry "COL"]
[SourceTitle "EXT 2016"]
[Source "ChessBase"]
[SourceDate "2015.10.08"]
[SourceVersion "1"]
[SourceVersionDate "2015.10.08"]
[SourceQuality "1"]

1. c4 e6 2. Nc3 Nf6 3. g3 d5 4. cxd5 exd5 5. e3 c6 6. Bg2 Be6 7. d4 c5 8. Nge2 c4 9. 0-0 a6 10. Nf4 Bd6 11. Nxe6 fxe6 1-0

[Event "Ocana op 1st"]
[Site "Ocana"]
[Date "2015.09.26"]
[Round "4"]
[White "Duran, Diego Alexander"]
[Black "Franco Perez, William"]
[Result "1-0"]
[WhiteElo "1300"]
[BlackElo "1737"]
[PlyCount "25"]
[EventDate "2015.09.25"]
[EventType "swiss"]
[EventRounds "7"]
[EventCountry "COL"]
[SourceTitle "EXT 2016"]
[Source "ChessBase"]
[SourceDate "2015.10.08"]
[SourceVersion "1"]
[SourceVersionDate "2015.10.08"]
[SourceQuality "1"]

1. c4 Nf6 2. Nc3 e6 3. e3 c5 4. Nge2 d5 5. d4 dxc4 6. Qa4+ Nc6 7. Qxc4 cxd4 8. exd4 Be7 9. Be3 0-0 10. 0-0-0 Bd7 11. Qd3 Nb4 12. Qd2 Nxa2+ 13. Nxa2 1-0

[Event "Ocana op 1st"]
[Site "Ocana"]
[Date "2015.09.25"]
[Round "1"]
[White "Martinez Paipa, Hernan"]
[Black "Duran, Diego Alexander"]
[Result "1-0"]
[WhiteElo "1895"]
[BlackElo "1300"]
[PlyCount "69"]
[EventDate "2015.09.25"]
[EventType "swiss"]
[EventRounds "7"]
[EventCountry "COL"]
[SourceTitle "EXT 2016"]
[Source "ChessBase"]
[SourceDate "2015.10.08"]
[SourceVersion "1"]
[SourceVersionDate "2015.10.08"]
[SourceQuality "1"]

1. e4 c5 2. Nf3 d6 3. d4 cxd4 4. Nxd4 Nf6 5. Nc3 a6 6. Bg5 e6 7. f4 e5 8. Bxf6 Qxf6 9. fxe5 dxe5 10. Nb3 Be7 11. Qd2 Nc6 12. Nd5 Qd6 13. Bd3 0-0 14. Nxe7+ Qxe7 15. 0-0-0 b5 16. Rhf1 Be6 17. Qf2 Rfd8 18. h4 b4 19. Kb1 h6 20. Nc5 a5 21. Nxe6 Qxe6 22. b3 Qe7 23. g4 a4 24. Bb5 axb3 25. Bxc6 bxa2+ 26. Ka1 Ra6 27. Rxd8+ Qxd8 28. Qxf7+ Kh7 29. Qf5+ Kg8 30. Bd5+ Kh8 31. Qf8+ Qxf8 32. Rxf8+ Kh7 33. h5 g6 34. Re8 gxh5 35. gxh5 1-0